000
00202 a2200109 4500
020
_a
9780021780068
041
_a
spa
100
_a
acosta,maria
245
_a
puerta del sol
942
_c
BK
952
_7
1
999
_c
18231
_d
18231